[Event "Brno Duras BVK op-A"]
[Site "Brno"]
[Date "2002.??.??"]
[Round "5"]
[White "Phanindra, Reddy K"]
[Black "Lamser, Jan"]
[Result "1/2-1/2"]
[WhiteElo "2140"]
[BlackElo "2200"]
[PlyCount "32"]
[EventDate "2002.??.??"]
[EventType "swiss"]
[EventRounds "9"]
[EventCountry "CZE"]
[SourceTitle "EXT 2006"]
[Source "ChessBase"]
[SourceDate "2005.11.24"]
[SourceVersion "1"]
[SourceVersionDate "2005.11.24"]
[SourceQuality "1"]

1. e4 e6 2. d4 d5 3. exd5 exd5 4. c4 Bb4+ 5. Bd2 Bxd2+ 6. Qxd2 Nf6 7. Nf3 0-0 8. Be2 c6 9. 0-0 Bg4 10. cxd5 Nxd5 11. Nc3 Nd7 12. Nxd5 cxd5 13. h3 Bh5 14. Rfe1 Qb6 15. Rac1 Rac8 16. Rc3 Rxc3 1/2-1/2